| 000 | nam a22 a 4500 | ||
|---|---|---|---|
| 999 |
_c2381 _d2381 |
||
| 003 | AKMAL | ||
| 005 | 20170516113706.0 | ||
| 008 | 170516s1999 myj 00 eng d | ||
| 020 |
_a9835201625: _cRM120.00 |
||
| 020 | _a9835201625 | ||
| 039 | 9 |
_a200804091652 _bninaliza |
|
| 040 |
_aAKMAL _cAKMAL |
||
| 049 | 0 | 0 | _amal |
| 082 | 0 | 4 |
_a540 MAS _221 |
| 090 | 0 | 0 |
_a540 _bMAS |
| 100 | 1 |
_aMasterton, William L., _d1927- _94963 |
|
| 245 | 1 | 0 |
_aPrinsip kimia / _cWilliam L. Masterton, Emil J. Slowinski, Conrad L. Stanitski ; penterjemah Satapah Ahmad, Mustaffa Shamsuddin, Mohammad Yusof Arshad |
| 250 | _aEdisi ke-6 | ||
| 260 |
_aJohor Bahru : _bPenerbit Universiti Teknologi Malaysia, _c1999 |
||
| 300 |
_axvii, 1049ms. ; _c27cm. |
||
| 650 | 0 |
_aChemistry _94954 |
|
| 700 | 1 |
_aSlowinski, Emil J. _94964 |
|
| 700 | 1 |
_aStanitski, Conrad L. _94965 |
|
| 700 | 0 |
_aSatapah Ahmad _94966 |
|
| 700 | 0 |
_aMustaffa Shamsuddin _94967 |
|
| 700 | 0 |
_aMohammad Yusof Arshad _94968 |
|
| 942 |
_2ddc _cBOOK |
||